| 000 | 01111nabaa22002057a 4500 | ||
|---|---|---|---|
| 999 |
_c6322 _d6322 |
||
| 003 | OSt | ||
| 005 | 20260130200620.0 | ||
| 008 | 190701b xxu||||| |||| 00| 0 spa d | ||
| 040 | _cPJ | ||
| 100 |
_96917 _aNovik, Yanet Paula |
||
| 245 | 1 | 0 |
_aIndagar sobre un lote de dominio del Estado : _bcuando la expropiación está motivada en dos normas con utilidades diferentes / _cYanet Paula Novik. |
| 300 | _ap. 117-131 | ||
| 500 | _aCita: TR LALEY AR/DOC/2592/2025 | ||
| 505 | _aSumario: I. Introducción.— II. ¿Qué es el Estado?— III. El derecho de propiedad.— IV. Los bienes que integran el patrimonio del Estado. El dominio público y privado.— V. Indagar sobre un lote de dominio del Estado.— VI. Conclusión. — VII. Bibliografía citada y consultada. | ||
| 505 | _t¿Te interesa el texto completo? Comunicate al correo: koha@justierradelfuego.gov.ar | ||
| 650 | 0 |
_9211 _aDERECHO ADMINISTRATIVO |
|
| 650 | 0 |
_92979 _aDOMINIO DEL ESTADO |
|
| 773 | 0 |
_02842 _93251 _dBuenos Aires : AbeledoPerrot, 2012- _oDA121 _tDerecho administrativo. Nº 162 noviembre/diciembre 2025 _z18510590 |
|
| 942 |
_2udc _cANA |
||